Top 10 Ship Producing Countries of the World - Statistics

General Stats
  • This quiz has been taken 1,338 times
  • The average score is 7 of 10
Answer Stats
Gross tonnage (Thousands) Country % Correct
10 293 United States
99%
1 22,628 China
98%
3 13,421 Japan
94%
2 22,455 South Korea
86%
6 519 Germany
79%
9 312 Italy
74%
5 600 Taiwan
60%
4 1,878 Philippines
59%
7 375 Vietnam
59%
8 326 Romania
7%
No matching quizzes found
Score Distribution
Percent of People with Each Score
Percentile by Number Answered
Your Score History
You have not taken this quiz